| 000 | 01382nam0a22003371 4500 | ||
|---|---|---|---|
| 001 | rc\1124117 | ||
| 005 | 20260407123222.0 | ||
| 021 |
_aRU _b82-75366 |
||
| 035 | _a(NLR Aleph) 009036248 | ||
| 090 |
_a9521619 _c9521619 |
||
| 100 | _a20041126d1981 |||y0rusy50 ca | ||
| 101 | 0 | _arus | |
| 102 | _aRU | ||
| 105 | _ay z|||||||| | ||
| 200 | 1 |
_aОценка экономической эффективности новой техники _fПасхавер А.И. _gОбщество "Знание" УССР |
|
| 210 |
_aКиев _cОбщество "Знание" УССР _cРДЭНТП _d1981 |
||
| 215 |
_a21 с. _d20 |
||
| 225 | 1 | _aБиблиотечка "Экономическое обоснование новой техники" | |
| 320 | _aБиблиогр.: с. 21 | ||
| 517 | 1 | _aЭкономическое обоснование новой техники | |
| 606 | 1 |
_aТехнический прогресс _xЭффективность _yСССР _91796648 _3RU\NLR\AUTH\661102871 |
|
| 686 | 0 | _aУ9(2)-55 | |
| 700 | 1 |
_aПасхавер _bА. И. _gАлександр Иосифович |
|
| 712 | 0 | 2 |
_4650 _a"Знание", общество УССР _cКиев _3RU\NLR\AUTH\889960976 _9418265 |
| 801 | 0 |
_aRU _bNLR _gpsbo |
|
| 801 | 1 |
_aRU _bELAR _2rusmarc |
|
| 801 | 2 |
_aRU _bNLR _c20130618 _2rusmarc |
|
| 852 |
_aNLR _j83-4/2336 |
||
| 942 | _cBOOK | ||
| 980 | _aNB | ||